00991nam a2200265Ia 450000500170000000800410001702000180005804000350007604100080011110000380011924500710015725000230022826400240025130000520027533600270032733700330035433800280038749000830041552100630049865000410056165000390060265000420064170000300068308400120071320220317002003.0200115s2019 ck 000 0 spa d a9789587808568 aCO-BoRNBPbspaerdacCO-BoRNBP0 aspa1 aPosada Saldarriaga, Pilareautora10aComadrita la rana ctexto Pilar Posada ; ilustraciones Paula Ortiz aEdición especial 1aBogotá bSMc2019 a[26] páginas bilustraciones en color c22 cm 2rdacontentatextobtxt 2rdamediaasin mediaciónbn 2rdacarrieravolumenbnc0 aPlan Nacional de Lectura y Escritura Leer es mi Cuento / Ministerio de Cultura aRecomendado para un público infantil mayor de 3 años. 17aLiteratura infantil colombiana2LEMB17aPoesía infantil colombiana2LEMB17aAnimales acuáticos 2LEMBvPoesía1 aOrtiz, Paulaeilustradora aP POS10